| 000 | 003900000a22001210004500 | ||
|---|---|---|---|
| 090 |
_aAR _b04744 |
||
| 100 | 1 |
_aLieberman, Susan _998884 |
|
| 700 | 1 |
_aDock, Charles F. _998885 |
|
| 245 | 1 | 0 | _aAnalysis of the leaf litter arthropod fauna of a lowland tropical evergreen forest site (La Selva, Costa Rica) |
| 041 | 0 | _aInglés | |
| 942 | _cARTICULO | ||
| 773 | 1 |
_tRev. Biol. trop. _h1 _q37-34 _d1982 _g30 |
|
| 999 |
_c13844 _d13844 |
||